| 000 | 00000nam##2200000za#4500 |
| 001 | 9.648908 |
| 003 | CaOODSP |
| 005 | 20210615113404 |
| 007 | tc |
| 008 | 150407|1997||||xxc|||||f||||f|0| 0 eng|d |
| 040 | |aCaOODSP|beng |
| 043 | |an-cn--- |
| 086 | 1 |aCH37-4/3-1997E-BR |
| 110 | 1 |aCanada.|bCanadian Heritage. |bHuman Rights Directorate. |
| 245 | 14|aThe Canadian Charter of Rights and Freedoms |h[braille] |
| 250 | |aTranscribed March 1997 |
| 260 | |aOttawa - Ontario : |bCanadian Heritage. |c1997. |
| 300 | |a[21]p. ; |c28 cm. |
| 563 | |aRing binding |
| 590 | |a03-19|b2003-05-09 |
| 690 | 07|aCharter of rights and freedoms|2gcpds |
| 690 | 07|aCivil rights|2gcpds |
| 775 | 08|tLa Charte canadienne des droits et libertés |w(CaOODSP)9.682160 |
| 776 | 0#|tThe Canadian Charter of Rights and Freedoms |w(CaOODSP)9.648907 |
| 776 | 0#|tCanadian Charter of Rights and Freedoms |w(CaOODSP)9.664647 |
| 776 | 0#|tCharte canadienne des droits et libertés |w(CaOODSP)9.664648 |
| 776 | 0#|tCanadian Charter of Rights and Freedoms |w(CaOODSP)9.664649 |
| 776 | 0#|tCanadian Charter of Rights and Freedoms |w(CaOODSP)9.664683 |
| 776 | 0#|tCharte canadienne des droits et libertés |w(CaOODSP)9.664684 |
| 776 | 0#|tThe Canadian Charter of Rights and Freedoms |w(CaOODSP)9.686502 |
| 776 | 0#|tCharte canadienne des droits et libertés |w(CaOODSP)9.664650 |